|
|
|
|
| LEADER |
02116nam a2200481 a 4500 |
| 001 |
000766770 |
| 003 |
CZ BrMZK |
| 005 |
20060106143815.0 |
| 007 |
ta |
| 008 |
050314s2005 xr ac er 000 d cze d |
| 015 |
|
|
|a cnb001500352
|
| 020 |
|
|
|a 80-7056-126-2
|q (brož.)
|
| 035 |
|
|
|a (OCoLC)85137408
|
| 040 |
|
|
|a BOA001
|b cze
|
| 041 |
1 |
|
|a cze
|a eng
|
| 043 |
|
|
|a e-xr---
|
| 072 |
|
7 |
|a 73
|x Sochařství, keramika, porcelán, umělecké zpracování kovů
|2 Konspekt
|9 21
|
| 072 |
|
7 |
|a 929
|x Biografie
|2 Konspekt
|9 8
|
| 080 |
|
|
|a 929
|2 MRF
|
| 080 |
|
|
|a 730.071.1
|2 MRF
|
| 080 |
|
|
|a 730(437.3)
|2 MRF
|
| 080 |
|
|
|a (437.3)
|2 MRF
|
| 080 |
|
|
|a (083.824)
|2 MRF
|
| 100 |
1 |
|
|a Hendrych, Jan,
|d 1936-
|7 jn99240000284
|4 art
|
| 245 |
1 |
0 |
|a Jan Hendrych :
|b sochy, kresby, grafiky 1958-2003 : České muzeum výtvarných umění v Praze 3.3.-10.4.2005 : Alšova jihočeská galerie v Hluboké nad Vltavou 21.4.-22.5.2005 : Oblastní galerie Vysočiny v Jihlavě 2.6.-28.8.2005 /
|c [Jan Kříž]
|
| 250 |
|
|
|a 1. vyd.
|
| 260 |
|
|
|a V Praze :
|b České muzeum výtvarných umění,
|c 2005
|
| 300 |
|
|
|a [90] s. ;
|b barev. il., portrét ;
|c 23 cm
|
| 504 |
|
|
|a Obsahuje bibliografii
|
| 546 |
|
|
|a Souběžný český a anglický text
|
| 600 |
1 |
7 |
|a Hendrych, Jan,
|d 1936-
|7 jn99240000284
|2 czenas
|
| 650 |
0 |
7 |
|a sochaři
|7 ph125736
|z Česko
|y 20.-21. stol.
|2 czenas
|
| 650 |
0 |
7 |
|a české sochařství
|7 ph128152
|y 20.-21. stol.
|2 czenas
|
| 655 |
|
7 |
|a katalogy výstav
|7 fd132536
|2 czenas
|
| 700 |
1 |
|
|a Kříž, Jan,
|d 1935-
|7 mzk2018986792
|4 aut
|
| 710 |
2 |
|
|a České muzeum výtvarných umění (Praha, Česko)
|7 kn20010709225
|
| 710 |
2 |
|
|a Alšova jihočeská galerie (Hluboká nad Vltavou, Česko).
|b Wortnerův dům (České Budějovice, Česko)
|7 ko20010092004
|
| 710 |
2 |
|
|a Oblastní galerie Vysočiny (Jihlava, Česko)
|7 kn20010709311
|
| 910 |
|
|
|a BOA001
|b 2-1148.679
|
| 990 |
|
|
|a BK
|
| 991 |
|
|
|b 200504
|c NOV
|
| 996 |
6 |
|
|b 2610246272
|c 2-1148.679
|l MZK
|r Sklad / do 1 hodiny
|n 1
|p p.v.
|w 000766770
|u 000010
|a 1
|e BOA001
|j MZK50
|s P
|
| 996 |
7 |
|
|b 2610267120
|c 2-1148.679
|l MZK
|r Sklad / do 1 hodiny
|n 0
|p p.v.
|w 000766770
|u 000020
|a 1
|e BOA001
|j MZK50
|s A
|